| 000 | 00422nam a2200181Ia 4500 | ||
|---|---|---|---|
| 003 | 0100 | ||
| 008 | 130303s9999 xx 000 0 und d | ||
| 040 | _cARRUPELIB | ||
| 050 | _aBJ1533.F8B635 1980 | ||
| 100 | _aBlum, Lawrence A | ||
| 245 | _aFriendship, altruism, and morality | ||
| 260 | _aLondon | ||
| 260 | _bRoutledge & Kegan Paul | ||
| 260 | _C1980 | ||
| 300 | _ax | ||
| 300 | _b 234p. 22cm. | ||
| 942 | 0 | 0 | _03 |
| 999 |
_c11958 _d11958 |
||